00924 2200337 4500001002100000005001500021035002500036007000300061008004100064020002200105040001200127041000800139082001400147084001600161090002000177090002100197100003000218245007300248260003700321300002300358650002100381700002900402850001200431999002100443990002100464990002000485990002000505990002100525990002000546990002000566INLIS00000000003312520191217024639 a0010-011800000000270ta180126s2017 yoi g ind d a978-602-7820-71-5 aYOPDYOG0 aind04223a649.1 a649.1 IRA r aDEP 649.1 IRA r aCB-D.11 2017-9160 aIrawati IstadiePengarang1 aRumahku tempat belajarku /cIrawati istadi, penyunting, Irin Hidayat3 aYogyakarta :bPro-U Media,c2017 a266 hlm. ;c23 cm. 4aAnak, Pengasuhan0 aIrin HidayatePenyunting aYOPDYOG aCB-D.11/2017-916 aCB-D.11/2017-916 a64555-PD/A.2019 a64556-PD/A.2019 aCB-D.11/2017-916 a64555-PD/A.2019 a64556-PD/A.2019